000 00321nam a2200133Ia 4500
008 221030s9999 xx 000 0 und d
041 _aEnglish
100 _aJ. S. Chitode
245 0 _aConsumer Electronics
_cby J. S. Chitode
260 _bTechnical Pub
_aPune
_c2003
300 _a266
650 _aBB ECE
942 _cBK
999 _c16674
_d16674